| 000 | 00741nam a2200193Ia 4500 | ||
|---|---|---|---|
| 003 | GCL | ||
| 008 | 140319s9999 xx 000 0 ara d | ||
| 040 |
_aGCL / _cGCL |
||
| 082 | 0 | 4 |
_a227 _bا ق |
| 100 | 1 | _aابى يحيى محمد بن حجاج التجيبى | |
| 245 | 1 | 0 |
_aالقران الكريم بالرسم العثمانى و بهامشة مختصر من تفسير الامام البكرى / _cابى يحيى محمد بن حجاج التجيبى |
| 700 | 1 | _aابوالحسن على بن احمد الواحد | |
| 260 |
_a[S.N] : _bدار الفجر الاسلامى ، _c1993 |
||
| 300 | _a662 ص | ||
| 490 | _a | ||
| 650 | 0 | 4 | _aالقران - تفسير |
| 650 | 0 | 4 | _aالقران - سور وايات |
| 942 |
_2ddc _cBK |
||
| 999 |
_c52731 _d52731 |
||